[Event "FISU World University"]
[Site "Tornelo INT"]
[Date "2020.10.27"]
[Round "4.7"]
[White "Mezentsev, Ivan"]
[Black "Zuleta, Juan Carlos"]
[Result "1-0"]
[WhiteElo "2354"]
[BlackElo "1934"]
[PlyCount "79"]
[EventDate "2020.10.26"]
[EventType "team-swiss (rapid)"]
[EventRounds "9"]
[EventCountry "NET"]
[SourceTitle "CBM 199 Extra"]
[Source "ChessBase"]
[SourceDate "2021.01.31"]
[SourceVersion "1"]
[SourceVersionDate "2021.01.31"]
[SourceQuality "1"]
[WhiteTeam "Kazakhstan II"]
[BlackTeam "Colombia V"]
[WhiteTeamCountry "KAZ"]
[BlackTeamCountry "COL"]

1. Nf3 c5 2. c4 g6 3. e4 Bg7 4. d4 cxd4 5. Nxd4 Nc6 6. Be3 Nf6 7. Nc3 0-0 8. Be2 d6 9. 0-0 Nxd4 10. Bxd4 Be6 11. f4 Qc8 12. b3 Bd7 13. Rc1 Bc6 14. Bf3 Qd8 15. Kh1 Re8 16. Nd5 e5 17. fxe5 dxe5 18. Bf2 Nxd5 19. cxd5 Bb5 20. Be2 Bd7 21. b4 f5 22. Bd3 fxe4 23. Bxe4 Bb5 24. Re1 Qd7 25. Bg3 Rac8 26. Rxc8 Rxc8 27. Bf3 Rc4 28. Bxe5 Bxe5 29. Rxe5 Rxb4 30. Re1 Qd6 31. Qd2 Rh4 32. h3 Qg3 33. Bg4 Qxg4 34. Qc3 Qb4 35. Qc8+ Kg7 36. Qc7+ Kh6 37. Re7 Qb1+ 38. Kh2 g5 39. Re6+ Kh5 40. Qf7+ 1-0

[Event "COL-ch U20"]
[Site "Medellin"]
[Date "2019.03.15"]
[Round "4"]
[White "Zuleta, Juan Carlos"]
[Black "Gonzalez Villa, David"]
[Result "1-0"]
[WhiteElo "1950"]
[BlackElo "1496"]
[PlyCount "37"]
[EventDate "2019.03.13"]
[EventType "swiss"]
[EventRounds "7"]
[EventCountry "COL"]
[SourceTitle "CBM 189 Extra"]
[Source "ChessBase"]
[SourceDate "2019.06.03"]
[SourceVersion "1"]
[SourceVersionDate "2019.06.03"]
[SourceQuality "1"]

1. d4 d5 2. Nc3 Nf6 3. Bf4 c6 4. e3 e6 5. Nf3 Bb4 6. Bd3 0-0 7. a3 Ba5 8. 0-0 Nbd7 9. Ne5 Bc7 10. Bg3 Nxe5 11. dxe5 Nd7 12. f4 f6 13. Qh5 g6 14. Bxg6 hxg6 15. Qxg6+ Kh8 16. Qh6+ Kg8 17. Bh4 Qe7 18. Rf3 Qh7 19. Rg3+ 1-0

[Event "Medellin Flores op 22nd"]
[Site "Medellin"]
[Date "2015.08.09"]
[Round "8"]
[White "Zuleta, Juan Carlos"]
[Black "Pena, Alcides"]
[Result "1/2-1/2"]
[WhiteElo "1969"]
[BlackElo "1820"]
[PlyCount "57"]
[EventDate "2015.08.05"]
[EventType "swiss"]
[EventRounds "9"]
[EventCountry "COL"]
[SourceTitle "EXT 2016"]
[Source "ChessBase"]
[SourceDate "2015.10.08"]
[SourceVersion "1"]
[SourceVersionDate "2015.10.08"]
[SourceQuality "1"]

1. e4 e5 2. Nf3 Nc6 3. Bb5 a6 4. Ba4 Nf6 5. 0-0 Be7 6. d4 b5 7. Bb3 d6 8. Bd5 Nxd5 9. exd5 Nb4 10. dxe5 dxe5 11. Nxe5 Qxd5 12. Qxd5 Nxd5 13. Nc6 Bf6 14. c3 0-0 15. Nd2 Bd7 16. Nd4 c5 17. N4b3 c4 18. Nc5 Bc6 19. Nce4 Be5 20. Nf3 Bc7 21. Nd4 Bd7 22. Nc5 Bg4 23. h3 Bh5 24. g4 Bg6 25. Re1 Nf4 26. Bxf4 Bxf4 27. Ne2 Bc7 28. Ng3 Bxg3 29. fxg3 1/2-1/2

[Event "Pan American-ch U16"]
[Site "Cali"]
[Date "2015.06.29"]
[Round "3"]
[White "Zuleta, Juan Carlos"]
[Black "Ducuara Alape, Eduardo"]
[Result "1-0"]
[WhiteElo "1864"]
[BlackElo "1630"]
[PlyCount "45"]
[EventDate "2015.06.28"]
[EventType "swiss"]
[EventRounds "9"]
[EventCountry "COL"]
[SourceTitle "EXT 2016"]
[Source "ChessBase"]
[SourceDate "2015.10.08"]
[SourceVersion "1"]
[SourceVersionDate "2015.10.08"]
[SourceQuality "1"]

1. e4 e6 2. d4 d5 3. exd5 exd5 4. Bd3 Bd6 5. Nc3 c6 6. Bd2 Nf6 7. Qe2+ Qe7 8. Qxe7+ Bxe7 9. h3 h6 10. 0-0-0 0-0 11. g4 Nh7 12. Re1 Bf6 13. Nf3 b5 14. Ne5 a5 15. h4 Be6 16. g5 hxg5 17. Bxh7+ Kh8 18. hxg5 Bxe5 19. Rxe5 Nd7 20. Bf5+ Kg8 21. Rxe6 fxe6 22. Bxe6+ Rf7 23. g6 1-0

[Event "Pan American-ch U16"]
[Site "Cali"]
[Date "2015.06.28"]
[Round "1"]
[White "Zuleta, Juan Carlos"]
[Black "Kevin Esteban, Perez Lombana"]
[Result "1-0"]
[WhiteElo "1864"]
[BlackElo "1342"]
[PlyCount "45"]
[EventDate "2015.06.28"]
[EventType "swiss"]
[EventRounds "9"]
[EventCountry "COL"]
[SourceTitle "EXT 2016"]
[Source "ChessBase"]
[SourceDate "2015.10.08"]
[SourceVersion "1"]
[SourceVersionDate "2015.10.08"]
[SourceQuality "1"]

1. e4 c5 2. Nf3 e6 3. d4 cxd4 4. Nxd4 a6 5. Nc3 Qc7 6. Be3 d5 7. Qd2 Nd7 8. 0-0-0 Ngf6 9. f3 b5 10. Kb1 Be7 11. g4 Bb7 12. h4 Ne5 13. h5 Nfd7 14. g5 Nc4 15. Bxc4 Qxc4 16. g6 Ne5 17. gxf7+ Nxf7 18. b3 Qc8 19. Rhg1 Rg8 20. f4 Rb8 21. f5 b4 22. Na4 dxe4 23. Nxe6 1-0

[Event "COL-ch U20"]
[Site "Bogota"]
[Date "2015.03.14"]
[Round "5"]
[White "Soto, Miguel Angel"]
[Black "Zuleta, Juan Carlos"]
[Result "1-0"]
[WhiteElo "1999"]
[BlackElo "1867"]
[PlyCount "51"]
[EventDate "2015.03.12"]
[EventType "swiss"]
[EventRounds "7"]
[EventCountry "COL"]
[SourceTitle "CBM 165 Extra"]
[Source "ChessBase"]
[SourceDate "2015.04.21"]
[SourceVersion "1"]
[SourceVersionDate "2015.04.21"]
[SourceQuality "1"]

1. e4 c5 2. Nf3 e6 3. d4 cxd4 4. Nxd4 a6 5. Bd3 Nf6 6. 0-0 d6 7. Kh1 Be7 8. f4 Nc6 9. Nxc6 bxc6 10. Qf3 Qc7 11. e5 Nd7 12. exd6 Qxd6 13. Nc3 Nf6 14. Ne4 Nxe4 15. Bxe4 Bb7 16. Be3 Rc8 17. Rad1 Qc7 18. f5 exf5 19. Qxf5 Bf6 20. Bc5 Rd8 21. Bxc6+ Bxc6 22. Rde1+ Be7 23. Qxf7+ Kd7 24. Rxe7+ Kc8 25. Rxc7+ Kb8 26. Rxc6 1-0

[Event "COL-ch U20"]
[Site "Bogota"]
[Date "2015.03.14"]
[Round "6"]
[White "Zuleta, Juan Carlos"]
[Black "Gallego, Julian Andres"]
[Result "1-0"]
[WhiteElo "1867"]
[BlackElo "1645"]
[PlyCount "39"]
[EventDate "2015.03.12"]
[EventType "swiss"]
[EventRounds "7"]
[EventCountry "COL"]
[SourceTitle "CBM 165 Extra"]
[Source "ChessBase"]
[SourceDate "2015.04.21"]
[SourceVersion "1"]
[SourceVersionDate "2015.04.21"]
[SourceQuality "1"]

1. e4 e5 2. Nf3 Nc6 3. Bb5 a6 4. Ba4 Nf6 5. 0-0 Bc5 6. c3 b5 7. Bc2 0-0 8. d4 exd4 9. cxd4 Be7 10. e5 Nd5 11. Be4 Nb6 12. d5 Na5 13. d6 cxd6 14. exd6 Bf6 15. Bxa8 Nxa8 16. Nc3 Nb6 17. Ne4 Nbc4 18. Nxf6+ Qxf6 19. Qd4 Qxd4 20. Nxd4 1-0

[Event "COL-ch U20"]
[Site "Bogota"]
[Date "2015.03.12"]
[Round "1"]
[White "Hernandez, Cristian Andres"]
[Black "Zuleta, Juan Carlos"]
[Result "1-0"]
[WhiteElo "2268"]
[BlackElo "1867"]
[PlyCount "57"]
[EventDate "2015.03.12"]
[EventType "swiss"]
[EventRounds "7"]
[EventCountry "COL"]
[SourceTitle "CBM 165 Extra"]
[Source "ChessBase"]
[SourceDate "2015.04.21"]
[SourceVersion "1"]
[SourceVersionDate "2015.04.21"]
[SourceQuality "1"]

1. e4 c5 2. Nf3 e6 3. d4 cxd4 4. Nxd4 a6 5. Nc3 b5 6. g3 Bb7 7. Bg2 Qc7 8. 0-0 Nf6 9. Re1 d6 10. a4 bxa4 11. Nd5 Qd8 12. Rxa4 Nc6 13. e5 Nxd4 14. exf6 Nc6 15. Bg5 Qc8 16. Nb6 Qc7 17. Nxa8 Bxa8 18. Rxa6 Bb7 19. Qd5 Kd7 20. Qb5 Bxa6 21. Qxa6 h6 22. Be3 d5 23. Bb6 Qc8 24. Qb5 Bd6 25. fxg7 Rg8 26. Qxd5 Rxg7 27. Qd2 Rg5 28. Rd1 Qb8 29. Be3 1-0

[Event "Cali Region IRT U16"]
[Site "Cali"]
[Date "2015.03.06"]
[Round "1.5"]
[White "Zuleta, Juan Carlos"]
[Black "Marin, Arley"]
[Result "1-0"]
[WhiteElo "1867"]
[BlackElo "1465"]
[PlyCount "61"]
[EventDate "2015.03.06"]
[EventType "swiss"]
[EventRounds "6"]
[EventCountry "COL"]
[SourceTitle "EXT 2024"]
[Source "ChessBase"]
[SourceDate "2023.10.10"]
[SourceVersion "1"]
[SourceVersionDate "2023.10.10"]
[SourceQuality "1"]

1. e4 c5 2. Nf3 d6 3. d4 cxd4 4. Nxd4 Nf6 5. Nc3 g6 6. Be3 Bd7 7. f3 Bg7 8. Bc4 0-0 9. Bb3 e5 10. Ndb5 Bxb5 11. Nxb5 Qa5+ 12. Nc3 Nc6 13. Qxd6 Rfd8 14. Qc5 Qxc5 15. Bxc5 Nd4 16. 0-0-0 Nh5 17. Nd5 Ne2+ 18. Kb1 Nef4 19. g3 Nxd5 20. exd5 b6 21. Be7 Rd7 22. d6 b5 23. c4 a6 24. cxb5 axb5 25. Rd5 Nf6 26. Rxe5 Ng4 27. Rxb5 Ne5 28. Rc1 Raa7 29. Rc8+ Bf8 30. Rxf8+ Kg7 31. Rxe5 1-0

[Event "COL-ch U18"]
[Site "Cali"]
[Date "2014.04.05"]
[Round "6"]
[White "Rosero, Jefferson"]
[Black "Zuleta, Juan Carlos"]
[Result "1/2-1/2"]
[WhiteElo "1746"]
[BlackElo "1860"]
[PlyCount "48"]
[EventDate "2014.04.03"]
[EventType "swiss"]
[EventRounds "7"]
[EventCountry "COL"]
[SourceTitle "CBM 159 Extra"]
[Source "ChessBase"]
[SourceDate "2014.04.24"]
[SourceVersion "1"]
[SourceVersionDate "2014.04.24"]
[SourceQuality "1"]

1. e4 c5 2. Nf3 e6 3. d4 cxd4 4. Nxd4 a6 5. Bd3 Nf6 6. 0-0 d6 7. c4 Be7 8. Nc3 0-0 9. Qe2 Qc7 10. f4 Nbd7 11. Be3 b6 12. Rac1 Bb7 13. Bb1 Rac8 14. b3 Qb8 15. Kh1 Qa8 16. Bg1 Nc5 17. Rfe1 Rfd8 18. e5 Nfd7 19. b4 dxe5 20. fxe5 Nxe5 21. bxc5 Bxc5 22. Nb3 Ba3 23. Rcd1 Rxd1 24. Rxd1 Nxc4 1/2-1/2